Early, Taylor, and Tarpley family genealogies, (Record no. 41010)

MARC details
000 -LEADER
fixed length control field 01290cpcaa2200313 a 4500
001 - CONTROL NUMBER
control field mm 79001900
003 - CONTROL NUMBER IDENTIFIER
control field DLC
005 - DATE AND TIME OF LATEST TRANSACTION
control field 20260227111639.0
008 - FIXED-LENGTH DATA ELEMENTS--GENERAL INFORMATION
fixed length control field 800102|||||||||||| eng
010 ## - LIBRARY OF CONGRESS CONTROL NUMBER
LC control number mm 79001900
040 ## - CATALOGING SOURCE
Original cataloging agency DLC
Description conventions dacs
Transcribing agency DLC
Modifying agency DLC
072 #7 - SUBJECT CATEGORY CODE
Subject category code R
Source lcmd
100 1# - MAIN ENTRY--PERSONAL NAME
Personal name Taylor, Henry C.
Fuller form of name (Henry Charles),
Dates associated with a name 1873-1969.
245 00 - TITLE STATEMENT
Title Early, Taylor, and Tarpley family genealogies,
Inclusive dates 1938-1945.
300 ## - PHYSICAL DESCRIPTION
Extent 2
Type of unit items.
506 0# - RESTRICTIONS ON ACCESS NOTE
Terms governing access Open to research.
520 8# - SUMMARY, ETC.
Summary, etc. Family genealogies, spanning 1664-1938, for the Early, Tarpley, and Taylor families, settlers of Virginia and Kentucky. Prepared by Henry C. Taylor and Laura Adaline Taylor Ruby.
533 ## - REPRODUCTION NOTE
Type of reproduction In part, typewritten transcripts.
Place of reproduction [S.l.].
546 ## - LANGUAGE NOTE
Language note Collection material in English.
580 ## - LINKING ENTRY COMPLEXITY NOTE
Linking entry complexity note Forms part of: Miscellaneous Manuscripts collection.
600 30 - SUBJECT ADDED ENTRY--PERSONAL NAME
Personal name Early family.
600 30 - SUBJECT ADDED ENTRY--PERSONAL NAME
Personal name Tarpley family.
600 30 - SUBJECT ADDED ENTRY--PERSONAL NAME
Personal name Taylor family.
651 #0 - SUBJECT ADDED ENTRY--GEOGRAPHIC NAME
Geographic name Kentucky
General subdivision Genealogy.
651 #0 - SUBJECT ADDED ENTRY--GEOGRAPHIC NAME
Geographic name Virginia
General subdivision Genealogy.
700 1# - ADDED ENTRY--PERSONAL NAME
Personal name Ruby, Laura Adaline Taylor,
Dates associated with a name 1866-
Title of a work Early, Taylor, and Tarpley family genealogies
Date of a work (1938-1945)

No items available.

Powered by Koha